banner koha

Calendario agricola [Ananas, abacaxi, Malus communis, maca, Carica papaya, mamao, Vitis vinifera, uva, Cucumis sativus, pepino, Daucus carota, cenoura, Lycopersicum esculentum, tomate, Brasil] (Registro n. 104932)

MARC details
000 -LÍDER
campo de controle de tamanho fixo 01140nas a2200385 4500
001 - NÚMERO DE CONTROLE
campo de controle BR8006023
003 - IDENTIFICADOR DO NÚMERO DE CONTROLE
campo de controle BR-BrBNA
005 - DATA E HORÁRIO DA ÚLTIMA TRANSAÇÃO
campo de controle 20231205084407.0
007 - CAMPO FIXO DE DESCRIÇÃO FÍSICA--INFORMAÇÃO GERAL
campo de controle de tamanho fixo ta
008 - CAMPO DE DADOS FIXOS--INFORMAÇÃO GERAL
campo de controle de tamanho fixo 230509b bl.|||p| |||| 00| 00por d
040 ## - FONTE DA CATALOGAÇÃO
Instituição da catalogação original BR-BrBNA
Idioma da catalogação por
Instituição que transcreveu o registro Biblioteca Nacional de Agricultura
041 ## - CÓDIGO DE IDIOMA
Código do idioma do texto/trilha sonora ou título diferente (Pt)
072 ## - CÓDIGO DE CATEGORIA DE ASSUNTO
Código de Categoria de Assunto F00; H10; H20
100 1# - ENTRADA PRINCIPAL--NOME PESSOAL
Nome pessoal Katayama, M.
100 1# - ENTRADA PRINCIPAL--NOME PESSOAL
Nome pessoal Kobayashi, S.
100 1# - ENTRADA PRINCIPAL--NOME PESSOAL
Nome pessoal Yokota, T.
100 1# - ENTRADA PRINCIPAL--NOME PESSOAL
Nome pessoal Suzuki, O.
100 1# - ENTRADA PRINCIPAL--NOME PESSOAL
Nome pessoal Watanabe, H.
100 1# - ENTRADA PRINCIPAL--NOME PESSOAL
Nome pessoal Kuga, K.
100 1# - ENTRADA PRINCIPAL--NOME PESSOAL
Nome pessoal Katsurayama, Y.
100 1# - ENTRADA PRINCIPAL--NOME PESSOAL
Nome pessoal Suzukawa, Y.
245 1# - TÍTULO
Título Calendario agricola [Ananas, abacaxi, Malus communis, maca, Carica papaya, mamao, Vitis vinifera, uva, Cucumis sativus, pepino, Daucus carota, cenoura, Lycopersicum esculentum, tomate, Brasil]
650 ## - ASSUNTO--TERMO TÓPICO
Cabeçalho tópico ou nome geográfico CALENDARIO AGRICOLA
650 ## - ASSUNTO--TERMO TÓPICO
Cabeçalho tópico ou nome geográfico ABACAXI
650 ## - ASSUNTO--TERMO TÓPICO
Cabeçalho tópico ou nome geográfico MACA
650 ## - ASSUNTO--TERMO TÓPICO
Cabeçalho tópico ou nome geográfico MAMAO
650 ## - ASSUNTO--TERMO TÓPICO
Cabeçalho tópico ou nome geográfico UVA
650 ## - ASSUNTO--TERMO TÓPICO
Cabeçalho tópico ou nome geográfico PEPINO
650 ## - ASSUNTO--TERMO TÓPICO
Cabeçalho tópico ou nome geográfico CENOURA
650 ## - ASSUNTO--TERMO TÓPICO
Cabeçalho tópico ou nome geográfico TOMATE
650 ## - ASSUNTO--TERMO TÓPICO
Cabeçalho tópico ou nome geográfico PLANTIO
773 0# - ENTRADA ANALÍTICA
Título Dirigente Rural (Brazil)
ISSN - International Standard Serial Number ISSN 0012-3374
Partes relacionadas (Aug 1980), v. 19(8) p. 32-40
Número de controle do registro BR8006023
909 ## -
-- 202311
-- Lúcia
-- 55
-- Lúcia Elande
942 ## - ELEMENTOS DE ENTRADA ADICIONADOS (KOHA)
Fonte da classificação ou esquema de arquivamento na estante Classificação AGRIS
Ocultar no OPAC Não
Tipo de material Koha Analítica
Exemplares
Situação do descarte Fonte da classificação ou esquema de arquivamento na estante Situação física Não pode ser emprestado Biblioteca de origem Biblioteca atual Localização na estante Enumeração do periódico / cronologia Total de empréstimos Data de último acesso Número do exemplar Tipo de material Koha Fonte de aquisição
  Classificação AGRIS   Consulta local Biblioteca Nacional de Agricultura - Binagri Biblioteca Nacional de Agricultura - Binagri   (Aug 1980), v. 19(8) p. 32-40   29/11/2023 01 Periódicos Portaria Interministerial nº 164/94

BINAGRI

Telefone: (61)3218-2567/2388/3357/2097 - binagri@agro.gov.br

Ministério da Agricultura e Pecuária , Esplanada dos Ministérios, Bloco D, Anexo B, Brasília/DF, CEP: 70.043-900